[Event "Moscow Time of the First U11"]
[Site "Moscow"]
[Date "2019.06.21"]
[Round "7"]
[White "Plotnikov, Boris"]
[Black "Bokhan, Mikhail"]
[Result "1-0"]
[WhiteElo "1396"]
[BlackElo "1186"]
[PlyCount "95"]
[EventDate "2019.06.17"]
[EventType "swiss"]
[EventRounds "9"]
[EventCountry "RUS"]
[SourceTitle "EXT 2021"]
[Source "ChessBase"]
[SourceDate "2020.10.23"]
[SourceVersion "1"]
[SourceVersionDate "2020.10.23"]
[SourceQuality "1"]

1. d4 d5 2. c4 c6 3. Nf3 Nf6 4. Nc3 e6 5. Bg5 Nbd7 6. e3 Be7 7. Bd3 dxc4 8. Bxc4 Nd5 9. Bxe7 Qxe7 10. Rc1 0-0 11. 0-0 Nxc3 12. Rxc3 e5 13. dxe5 Nxe5 14. Nxe5 Qxe5 15. Qd4 Qxd4 16. exd4 Bf5 17. Re1 Rfe8 18. Rce3 Rxe3 19. Rxe3 Rd8 20. Re7 Be6 21. Bf1 Kf8 22. Rxb7 Rxd4 23. Rxa7 Rd1 24. Ra4 Ra1 25. a3 Rb1 26. Rh4 c5 27. f3 Rxb2 28. a4 Rb4 29. Rxb4 cxb4 30. Bd3 b3 31. a5 b2 32. a6 Bd5 33. Kf2 Ke7 34. Ke3 Kd6 35. Kd4 h6 36. Kc3 Kc6 37. Kxb2 Kb6 38. Kc3 Bc6 39. Kd4 Bd7 40. Ke5 Be6 41. Kd6 g6 42. Ke7 g5 43. Kf6 g4 44. fxg4 Bxg4 45. Kxf7 h5 46. Kg6 h4 47. h3 Bc8 48. Kg5 1-0

[Event "Moscow Time of the First U11"]
[Site "Moscow"]
[Date "2019.06.19"]
[Round "4"]
[White "Averin, Nikolay"]
[Black "Plotnikov, Boris"]
[Result "1/2-1/2"]
[WhiteElo "1756"]
[BlackElo "1396"]
[PlyCount "97"]
[EventDate "2019.06.17"]
[EventType "swiss"]
[EventRounds "9"]
[EventCountry "RUS"]
[SourceTitle "EXT 2021"]
[Source "ChessBase"]
[SourceDate "2020.10.23"]
[SourceVersion "1"]
[SourceVersionDate "2020.10.23"]
[SourceQuality "1"]

1. e4 d6 2. d4 Nf6 3. Nc3 Nc6 4. f4 e5 5. dxe5 dxe5 6. Qxd8+ Kxd8 7. fxe5 Nxe5 8. Bf4 Bd6 9. 0-0-0 Ke7 10. Bxe5 Bxe5 11. Nd5+ Nxd5 12. exd5 Kd6 13. Nf3 Bf6 14. c4 Kc5 15. Bd3 Bd7 16. Rhe1 Rae8 17. Kc2 Ba4+ 18. b3 Bd7 19. h3 Rxe1 20. Rxe1 Re8 21. Rf1 h6 22. Nd2 Kd4 23. Rf4+ Ke3 24. Rf3+ Kd4 25. Rf1 Re3 26. Nf3+ Kc5 27. Rd1 c6 28. b4+ Kb6 29. c5+ Kc7 30. d6+ Kd8 31. Kd2 Re8 32. Bc4 Be6 33. Bxe6 Rxe6 34. Kd3 b6 35. Re1 Kd7 36. Re4 a5 37. Rxe6 fxe6 38. cxb6 Kxd6 39. bxa5 Bd8 40. Kd4 Bf6+ 41. Kc4 Bd8 42. a4 g6 43. Nd2 Kd7 44. Ne4 e5 45. Nc5+ Kc8 46. Ne4 Kb7 47. Nc5+ Kc8 48. g3 Kb8 49. Nd7+ 1/2-1/2

[Event "Moscow Time of the First U11"]
[Site "Moscow"]
[Date "2019.06.18"]
[Round "3"]
[White "Plotnikov, Boris"]
[Black "Kandrashin, Nikolai"]
[Result "1-0"]
[WhiteElo "1396"]
[BlackElo "1110"]
[PlyCount "113"]
[EventDate "2019.06.17"]
[EventType "swiss"]
[EventRounds "9"]
[EventCountry "RUS"]
[SourceTitle "EXT 2021"]
[Source "ChessBase"]
[SourceDate "2020.10.23"]
[SourceVersion "1"]
[SourceVersionDate "2020.10.23"]
[SourceQuality "1"]

1. Nf3 d5 2. g3 Nc6 3. d4 Nf6 4. Bg2 Bg4 5. 0-0 e6 6. c4 dxc4 7. Qa4 Rb8 8. Ne5 b5 9. Bxc6+ Ke7 10. Qxa7 Bxe2 11. Bd7 Rb6 12. Nc6+ Rxc6 13. Bxc6 Bxf1 14. b3 Qd6 15. Ba3 b4 16. Bxb4 Qxb4 17. Qxc7+ Nd7 18. Qxd7+ Kf6 19. Kxf1 c3 20. Be4 Bd6 21. Qc6 c2 22. Qxc2 Qxd4 23. Nc3 Be5 24. Rc1 Rc8 25. Nd5+ exd5 26. Qxc8 Qxe4 27. Qc6+ Kg5 28. Kg1 Bd4 29. Qc2 f5 30. Qxe4 fxe4 31. Rd1 e3 32. Rxd4 e2 33. f4+ Kf6 34. Kf2 Ke6 35. a4 Kd6 36. b4 Kc6 37. Kxe2 g6 38. g4 h6 39. f5 gxf5 40. gxf5 h5 41. f6 Kd7 42. f7 Ke7 43. Rxd5 Kxf7 44. a5 h4 45. Rd3 h3 46. a6 Ke6 47. a7 Kf6 48. a8B Ke5 49. b5 Ke6 50. b6 Ke5 51. b7 Ke4 52. b8N+ Ke5 53. Nc6+ Ke6 54. Kf3 Kf5 55. Re3 Kf6 56. Kf4 Kg6 57. Rxh3 1-0

[Event "Moscow Time of the First U11"]
[Site "Moscow"]
[Date "2019.06.18"]
[Round "2"]
[White "Tolstykh, Viktor"]
[Black "Plotnikov, Boris"]
[Result "1/2-1/2"]
[WhiteElo "1127"]
[BlackElo "1396"]
[PlyCount "92"]
[EventDate "2019.06.17"]
[EventType "swiss"]
[EventRounds "9"]
[EventCountry "RUS"]
[SourceTitle "EXT 2021"]
[Source "ChessBase"]
[SourceDate "2020.10.23"]
[SourceVersion "1"]
[SourceVersionDate "2020.10.23"]
[SourceQuality "1"]

1. e4 d6 2. d4 Nf6 3. Nc3 Nc6 4. Nf3 e5 5. dxe5 Nxe5 6. Nxe5 dxe5 7. Qxd8+ Kxd8 8. Be3 c6 9. 0-0-0+ Ke8 10. h3 Be6 11. f4 exf4 12. Bxf4 Bc5 13. Be2 Ke7 14. Bf3 h6 15. Na4 Bb4 16. a3 Ba5 17. Nc5 Bc8 18. Bd6+ Ke8 19. e5 Nd7 20. e6 Nxc5 21. exf7+ Kxf7 22. Bxc5 Bf5 23. Rhf1 Ke6 24. Rd6+ Ke5 25. b4 Bc7 26. Re1+ Kf4 27. Rd4+ Kg3 28. Re7 Bf4+ 29. Kb1 Rhd8 30. Rxg7+ Bg5 31. Bd6+ Kf2 32. h4 Bf6 33. Rd2+ Ke3 34. Re2+ Kd4 35. Bc5+ Kc4 36. Rg4+ Bxg4 37. Re4+ Kb5 38. Bxg4 Rd2 39. Be2+ Rxe2 40. Rxe2 Rd8 41. Ka2 Rd1 42. Re6 Ra1+ 43. Kb3 Rb1+ 44. Ka2 Ra1+ 45. Kb3 Rb1+ 46. Ka2 Ra1+ 1/2-1/2